Freud and women /

Bibliographic Details
Main Author: Freeman, Lucy, 1916-2004
Other Authors: Strean, Herbert S.
Format: Book
Language:English
Published: New York : Ungar, [1981]
Subjects:

MARC

Tag First Indicator Second Indicator Subfields
LEADER 00000pam a2200000 a 4500
001 in00000072022
005 20151008062519.0
008 810722s1981 nyua b 00110beng
010 |a  81040461  
020 |a 0804453748 :  |c $14.95 
035 |a (OCoLC)07672757 
035 |9 AAK0379AM 
039 0 |a 2  |b 3  |c 3  |d 3  |e 3 
040 |a DLC  |c DLC  |d TXA  |d UtOrBLW 
043 |a e-au--- 
049 |a TXAM  |c [985600] 
050 0 0 |a BF173.F85  |b F68 
082 0 |a 150.19/52  |a B  |2 19 
100 1 |a Freeman, Lucy,  |d 1916-2004. 
245 1 0 |a Freud and women /  |c Lucy Freeman and Herbert S. Strean. 
264 1 |a New York :  |b Ungar,  |c [1981] 
264 4 |c ©1981 
300 |a xiii, 238 pages :  |b illustrations ;  |c 22 cm. 
336 |a text  |b txt  |2 rdacontent 
337 |a unmediated  |b n  |2 rdamedia 
338 |a volume  |b nc  |2 rdacarrier 
500 |a Includes index. 
504 |a Bibliography: pages 231-232. 
600 1 0 |a Freud, Sigmund,  |d 1856-1939  |x Relations with women. 
650 0 |a Psychoanalysts  |z Austria  |v Biography. 
700 1 |a Strean, Herbert S. 
999 |a MARS 
999 f f |s a5c1039f-8ae3-3f30-a0ca-1076403e5183  |i 71fe3ce4-1705-34cc-a8b1-33993b9eec89  |t 0 
952 f f |p ric  |a Texas A&M University  |b Rellis Campus  |c Joint Library Facility  |d Remote Storage  |t 0  |e BF173.F85 F68  |h Library of Congress classification  |i unmediated -- volume  |m A14806086603 
998 f f |a BF173.F85 F68  |t 0  |l Remote Storage